PHARMACEUTICAL CHEMISTRY (Record no. 275393)

MARC details
000 -LEADER
fixed length control field 00361pam a2200145a 44500
008 - FIXED-LENGTH DATA ELEMENTS--GENERAL INFORMATION
fixed length control field 230405s xxu||||| |||| 00| 0 eng d
041 ## - LANGUAGE CODE
Language code of text/sound track or separate title ENG
100 ## - MAIN ENTRY--PERSONAL NAME
Personal name MELENTY EVA G / ANTONOVA L
245 ## - TITLE STATEMENT
Title PHARMACEUTICAL CHEMISTRY
250 ## - EDITION STATEMENT
Edition statement 1985
260 ## - PUBLICATION, DISTRIBUTION, ETC.
Place of publication, distribution, etc. MOSCOW
Name of publisher, distributor, etc. MIR PUBLICATION MOSCOW
Date of publication, distribution, etc.
300 ## - PHYSICAL DESCRIPTION
Extent 471
650 ## - SUBJECT ADDED ENTRY--TOPICAL TERM
Topical term or geographic name entry element PHARMACEUTICAL CHEMISTRY
906 ## - LOCAL DATA ELEMENT F, LDF (RLIN)
a 122

No items available.